00597nam a2200169Ia 4500008004100000020001800041041000800059082001800067100003000085245004600115250000600161260006100167300001100228650003900239999001900278952013000297210716s2013 xx 000 0 und d a9781259006135 aeng a621.3916 BHUK aBhurchandi, K M;Ray, A K. aAdvanced microprocessors and peripherals. a3 aNew DelhibTata McGraw Hill Publishing Company Ltdc2013 axx,692 aMicrocontrollers & Microprocessors c192900d192900 001040708MCAaAIMITbAIMITeAthulya Booksg475.00l0o621.3916 BHUKpMCA12408r2025-07-21 00:00:00v380.00w2021-07-16yBK